| 000 | 01162cam a22003371 4500 | ||
|---|---|---|---|
| 001 | 8777 | ||
| 003 | BD-RjUL | ||
| 005 | 20211208234641.0 | ||
| 008 | 140119s1968 nyua b 001 0 eng | ||
| 035 | _a(BD-RjUL)8822 | ||
| 040 |
_aDLC _cDLC _dBD-RjUL _beng |
||
| 041 | _aeng | ||
| 082 | 0 | 0 |
_a332.1 _bSHM 1968 |
| 100 | 1 | 0 |
_aShapiro, Eli, _d1916- _927293 |
| 245 | 1 | 0 |
_aMoney and banking / _cEli Shapiro, Ezra Solomon, William L. White. |
| 250 | _a5th ed. | ||
| 260 | 0 |
_aNew York ; _aLondon : _bHolt, Rinehart and Winston, _cc1968. |
|
| 300 |
_axvii, 715 p. : _bill. ; _c24 cm. |
||
| 500 | _aA revision of Money and banking, by W. H. Steiner, first published in 1933. | ||
| 504 | _aIncludes bibliographies and index. | ||
| 650 | 0 |
_aBanks and banking _zUnited States. _927294 |
|
| 650 | 0 |
_aMoney. _927295 |
|
| 650 | 0 |
_aMonetary policy _zUnited States. _927296 |
|
| 650 | 0 |
_aInternational finance. _927297 |
|
| 700 | 1 |
_aSolomon, Ezra. _927298 |
|
| 700 | 1 |
_aWhite, William L. _q(William Leo) _927299 |
|
| 700 | 1 |
_aSteiner, William Howard, _d1894-1966. _tMoney and banking. _f1968. _927300 |
|
| 942 |
_2ddc _cBK |
||
| 999 |
_c8777 _d8777 |
||